| 000 | 01095nam a22003137i 4500 | ||
|---|---|---|---|
| 003 | EG-GICUC | ||
| 005 | 20260121101554.0 | ||
| 008 | 251231s1949 uk b|||fr|||| 001 0 eng d | ||
| 040 |
_aEG-GiCUC _cEG-GiCUC _dEG-GiCUC _erda _beng |
||
| 041 | _aeng | ||
| 082 | 0 | 4 |
_221 _a341.71047 _bBE . F |
| 092 | 0 | 4 | _221 |
| 099 | _aLaw1 11 341.71047 BE . F 1949 | ||
| 100 | 1 |
_aBeloff, Max , _eAuthor. |
|
| 245 | 1 | 4 |
_aThe Foreign Policy Of Soviet Russia 1929-1941. _cMax Beloff. _nVolume II, _p1936-1941 / |
| 264 | 1 |
_aLondon ; _aNew York ; _aToronto : _bOxford University Press, _c1949. |
|
| 300 |
_a434 pages : _bMaps, _c24 cm. |
||
| 336 |
_2rda content _atext |
||
| 337 |
_2rda media _aComputer |
||
| 338 |
_2rda carrier _aOnline Resource |
||
| 504 | _aInclude Bibliography: p. 402-417 And Bibliographic references And Index | ||
| 546 | _aText in English | ||
| 650 | 1 | 4 |
_aInternational politics _xPublic international law _zRussie _2qrmak |
| 650 | 1 | 4 |
_aSoviet Union _2qrmak |
| 651 | 1 | _2qrmak | |
| 856 | 4 | 0 | _uhttps://fll.law.cu.edu.eg/fulltext/bks/B11-06631.pdf |
| 905 | _a75 | ||
| 942 |
_2ddc _cBK _e21 _n0 |
||
| 999 |
_c53404 _d53404 |
||